<?xml version="1.0" encoding="UTF-8"?>
<record
    xmlns:xsi="http://www.w3.org/2001/XMLSchema-instance"
    xsi:schemaLocation="http://www.loc.gov/MARC21/slim http://www.loc.gov/standards/marcxml/schema/MARC21slim.xsd"
    xmlns="http://www.loc.gov/MARC21/slim">

  <leader>00819nam a22001337a 4500</leader>
  <datafield tag="040" ind1=" " ind2=" ">
    <subfield code="c">RUA</subfield>
  </datafield>
  <datafield tag="082" ind1=" " ind2=" ">
    <subfield code="a">LMA VAN 2014 B498 Or.1</subfield>
  </datafield>
  <datafield tag="100" ind1=" " ind2=" ">
    <subfield code="a">VANN SOPHEAK; &#x179C;&#x17C9;&#x17B6;&#x1793;&#x17CB; &#x179F;&#x17BB;&#x1797;&#x17D0;&#x1780;&#x17D2;&#x179A;&#x17D2;&#x178F;</subfield>
  </datafield>
  <datafield tag="245" ind1=" " ind2=" ">
    <subfield code="a">Study on parcel survey in sporadic land registration process steung sen city kampong thom province; &#x179F;&#x17B7;&#x1780;&#x17D2;&#x179F;&#x17B6;&#x17A2;&#x17C6;&#x1796;&#x17B8;&#x1794;&#x1785;&#x17D2;&#x1785;&#x17C1;&#x1780;&#x1791;&#x17C1;&#x179F;&#x179C;&#x17B6;&#x179F;&#x17CB;&#x179C;&#x17C2;&#x1784;&#x1780;&#x17D2;&#x1794;&#x17B6;&#x179B;&#x178A;&#x17B8;&#x1780;&#x17D2;&#x1793;&#x17BB;&#x1784;&#x178A;&#x17C6;&#x178E;&#x17BE;&#x179A;&#x1780;&#x17B6;&#x179A;&#x1785;&#x17BB;&#x17C7;&#x1794;&#x1789;&#x17D2;&#x1787;&#x17B8;&#x178A;&#x17B8;&#x1792;&#x17D2;&#x179B;&#x17B8;&#x1798;&#x17B6;&#x1793;&#x179B;&#x1780;&#x17D2;&#x1781;&#x178E;&#x17C8;&#x178A;&#x17B6;&#x1785;&#x17CB;&#x178A;&#x17C4;&#x1799;&#x178A;&#x17BB;&#x17C6;&#x1793;&#x17C5;&#x1780;&#x17D2;&#x179A;&#x17BB;&#x1784;&#x179F;&#x17D2;&#x1791;&#x17B9;&#x1784;&#x179F;&#x17C2;&#x1793; &#x1781;&#x17C1;&#x178F;&#x17D2;&#x178F;&#x1780;&#x17C6;&#x1796;&#x1784;&#x17CB;&#x1792;&#x17C6;</subfield>
  </datafield>
  <datafield tag="260" ind1=" " ind2=" ">
    <subfield code="a">Phnom Penh</subfield>
    <subfield code="b">RUA</subfield>
    <subfield code="c">2014</subfield>
  </datafield>
  <datafield tag="300" ind1=" " ind2=" ">
    <subfield code="a">xi; 42p;</subfield>
    <subfield code="b">ill;</subfield>
    <subfield code="c">29cm;</subfield>
  </datafield>
  <datafield tag="856" ind1=" " ind2=" ">
    <subfield code="u">https://drive.google.com/file/d/1FPl0U8SdSIvOpjydjmmqXW9lek8gL2tw/view?usp=sharing</subfield>
  </datafield>
  <datafield tag="942" ind1=" " ind2=" ">
    <subfield code="c">LMA</subfield>
  </datafield>
  <datafield tag="999" ind1=" " ind2=" ">
    <subfield code="c">10459</subfield>
    <subfield code="d">10459</subfield>
  </datafield>
  <datafield tag="952" ind1=" " ind2=" ">
    <subfield code="0">0</subfield>
    <subfield code="1">0</subfield>
    <subfield code="2">ddc</subfield>
    <subfield code="4">0</subfield>
    <subfield code="6">LMA_VAN_2014_000000000000000_B498_OR_1</subfield>
    <subfield code="7">0</subfield>
    <subfield code="9">53780</subfield>
    <subfield code="a">LBB</subfield>
    <subfield code="b">LBB</subfield>
    <subfield code="c">B498</subfield>
    <subfield code="d">2016-10-24</subfield>
    <subfield code="l">2</subfield>
    <subfield code="o">LMA VAN 2014 B498 Or.1</subfield>
    <subfield code="p">RUA060293</subfield>
    <subfield code="r">2025-10-25</subfield>
    <subfield code="s">2025-09-17</subfield>
    <subfield code="w">2016-10-24</subfield>
    <subfield code="y">LMA</subfield>
  </datafield>
  <datafield tag="952" ind1=" " ind2=" ">
    <subfield code="0">0</subfield>
    <subfield code="1">0</subfield>
    <subfield code="2">ddc</subfield>
    <subfield code="4">0</subfield>
    <subfield code="6">LMA_VAN_2014_000000000000000_B498_OR_2</subfield>
    <subfield code="7">0</subfield>
    <subfield code="9">53781</subfield>
    <subfield code="a">LBB</subfield>
    <subfield code="b">LBB</subfield>
    <subfield code="c">B498</subfield>
    <subfield code="d">2016-10-24</subfield>
    <subfield code="l">2</subfield>
    <subfield code="o">LMA VAN 2014 B498 Or.2</subfield>
    <subfield code="p">RUA061254</subfield>
    <subfield code="r">2025-08-09</subfield>
    <subfield code="s">2025-02-25</subfield>
    <subfield code="w">2016-10-24</subfield>
    <subfield code="y">LMA</subfield>
  </datafield>
  <datafield tag="952" ind1=" " ind2=" ">
    <subfield code="0">0</subfield>
    <subfield code="1">0</subfield>
    <subfield code="2">ddc</subfield>
    <subfield code="4">0</subfield>
    <subfield code="6">LMA_VAN_2014_000000000000000_B498_OR_3</subfield>
    <subfield code="7">0</subfield>
    <subfield code="9">53782</subfield>
    <subfield code="a">LBB</subfield>
    <subfield code="b">LBB</subfield>
    <subfield code="c">B498</subfield>
    <subfield code="d">2016-10-24</subfield>
    <subfield code="l">3</subfield>
    <subfield code="m">1</subfield>
    <subfield code="o">LMA VAN 2014 B498 Or.3</subfield>
    <subfield code="p">RUA060950</subfield>
    <subfield code="r">2025-04-21</subfield>
    <subfield code="s">2025-03-14</subfield>
    <subfield code="w">2016-10-24</subfield>
    <subfield code="y">LMA</subfield>
  </datafield>
  <datafield tag="952" ind1=" " ind2=" ">
    <subfield code="0">0</subfield>
    <subfield code="1">0</subfield>
    <subfield code="2">ddc</subfield>
    <subfield code="4">0</subfield>
    <subfield code="6">LMA_VAN_2014_000000000000000_B498_OR_4</subfield>
    <subfield code="7">0</subfield>
    <subfield code="9">53783</subfield>
    <subfield code="a">LBB</subfield>
    <subfield code="b">LBB</subfield>
    <subfield code="c">B498</subfield>
    <subfield code="d">2016-10-24</subfield>
    <subfield code="o">LMA VAN 2014 B498 Or.4</subfield>
    <subfield code="p">RUA061016</subfield>
    <subfield code="r">2016-10-24</subfield>
    <subfield code="w">2016-10-24</subfield>
    <subfield code="y">LMA</subfield>
  </datafield>
  <datafield tag="952" ind1=" " ind2=" ">
    <subfield code="0">0</subfield>
    <subfield code="1">0</subfield>
    <subfield code="2">ddc</subfield>
    <subfield code="4">0</subfield>
    <subfield code="6">LMA_VAN_2014_000000000000000_B498_OR_5</subfield>
    <subfield code="7">0</subfield>
    <subfield code="9">53784</subfield>
    <subfield code="a">LBB</subfield>
    <subfield code="b">LBB</subfield>
    <subfield code="c">B498</subfield>
    <subfield code="d">2016-10-24</subfield>
    <subfield code="o">LMA VAN 2014 B498 Or.5</subfield>
    <subfield code="p">RUA060975</subfield>
    <subfield code="r">2016-10-24</subfield>
    <subfield code="w">2016-10-24</subfield>
    <subfield code="y">LMA</subfield>
  </datafield>
</record>
